Electromagnetics and optics /

Uloženo v:
Podrobná bibliografie
Hlavní autor: Kriezis, E. E.
Další autoři: Chrissoulidis, D. P., Papagiannakis, A. G.
Médium: Kniha
Jazyk:angličtina
Vydáno: Singapore : World Scientific Publishing, 1992
Vydání:[1st ed.]
Témata:
ISBN:9810208499
On-line přístup: Získat plný text
Tagy: Přidat tag
Žádné tagy, Buďte první, kdo vytvoří štítek k tomuto záznamu!

MARC

LEADER 00000nam a2200000 4500
003 SK-BrCVT
005 20220617200043.0
008 961002s1992 si e ||||||eng d
020 |a 9810208499 
035 |a CVTIDW0938724 
040 |b slo  |a CVTI SR 
041 0 |a eng 
044 |a si 
080 |a 537.8+535  |2 UDC-MRF 
100 1 |a Kriezis, E. E. 
242 1 0 |a Elektromagnetika a optika 
245 1 0 |a Electromagnetics and optics /  |c E. E. Kriezis, D. P. Chrissoulidis, A. G. Papagiannakis 
250 |a [1st ed.] 
260 |a Singapore :  |b World Scientific Publishing,  |c 1992 
300 |a XVI, 568 s. :  |b grafy, lit., obr., tab. ; 
653 1 |a rovnica elektromagnetického poľa  |a gaussovský lúč  |a rovinný dielektrický vlnovod  |a rezonátor  |a laser  |a holografia  |a diaľkový prieskum 
692 |a GM VD JM MM 
700 1 |a Chrissoulidis, D. P. 
700 1 |a Papagiannakis, A. G. 
910 |b A554739 
919 |a 981-02-0849-9 
974 |f Knihy 
992 |a AMG 
999 |c 105775  |d 105775